000 00468nam a22001817a 4500
003 MPLRDC
005 20220104124514.0
008 210129b ||||| |||| 00| 0 eng d
020 _a7-5324-1968-1
082 _a947.416 CTKH v.4
100 _a黄廷元 责任编辑
245 _a彩图科幻故事365 夜. 四
_c
250 _a一版二刷
260 _a中国
_b少年儿童出版社
_c1993
300 _b
650 _a漫画
942 _cBK
_o947.416 CTKH v.4
999 _c19872
_d19862